| 000 | 00898cam a2200277 4500 | ||
|---|---|---|---|
| 008 | 000000n2001 000 0 eng u | ||
| 020 | _a1842190377 | ||
| 035 | _a(Sirsi) u109893 | ||
| 041 | _aeng | ||
| 050 |
_a333.3307 _c18 |
||
| 100 | _aWilkinson, John | ||
| 110 |
_aRoyal Institution of Chartered Surveyors _94900 |
||
| 245 | 4 |
_aThe APC _byour practical guide to success |
|
| 260 |
_aLondon _bRICS _c2001 |
||
| 300 |
_axi, 90p. _c21cm. |
||
| 350 | _a14.95 | ||
| 520 | _aBased on the author's experiences, the guide covers the whole process from enrolment to final interview, including referral and the appeal system. Officially endorsed by the RICS. | ||
| 520 | _aSuperseded by second edition (ISBN 1842191217). | ||
| 650 |
_aAPC _96216 |
||
| 650 | _aCOMPETENCIES | ||
| 650 | _aDIARIES | ||
| 650 | _aLOGBOOKS | ||
| 650 | _aINTERVIEWS | ||
| 690 | _aEDUCATION-APC | ||
| 942 | _n0 | ||
| 999 |
_c101022 _d101022 |
||